Meaning and language : phenomenological perspectives /
| Corporate Author: | |
|---|---|
| Other Authors: | |
| Format: | eBook |
| Language: | English German French |
| Published: |
Dordrecht :
Springer,
[2008]
|
| Series: | Phaenomenologica ;
187. |
| Subjects: | |
| Online Access: | Connect to the full text of this electronic book |
MARC
| Tag | First Indicator | Second Indicator | Subfields |
|---|---|---|---|
| LEADER | 00000cam a2200000Ia 4500 | ||
| 001 | in00002467767 | ||
| 005 | 20210817090303.0 | ||
| 006 | m d | ||
| 007 | cr cn||||||||| | ||
| 008 | 081117s2008 ne sb 001 0 eng d | ||
| 020 | |a 1402083319 | ||
| 020 | |a 9781402083310 | ||
| 035 | |a (OCoLC)272311687 | ||
| 035 | |a (OCoLC)ocn272311687 | ||
| 037 | |a 978-1-4020-8330-3 |b Springer |n http://www.springerlink.com | ||
| 040 | |a GW5XE |b eng |c GW5XE |d UtOrBLW | ||
| 041 | 0 | |a eng |a ger |a fre | |
| 049 | |a TEFA | ||
| 050 | 1 | 4 | |a BF463.M4 |b .M43 2008eb |
| 050 | 1 | 4 | |a P107 |b .M43 2008eb |
| 082 | 0 | 4 | |a 121.68 |2 22 |
| 245 | 0 | 0 | |a Meaning and language : |b phenomenological perspectives / |c edited by Filip Mattens. |
| 264 | 1 | |a Dordrecht : |b Springer, |c [2008] | |
| 264 | 4 | |c ©2008 | |
| 300 | |a xix, 333 pages ; |c 24 cm. | ||
| 336 | |a text |b txt |2 rdacontent | ||
| 337 | |a computer |b c |2 rdamedia | ||
| 338 | |a online resource |b cr |2 rdacarrier | ||
| 490 | 1 | |a Phaenomenologica ; |v 187 | |
| 500 | |a Electronic resource. | ||
| 504 | |a Includes bibliographical references and index. | ||
| 505 | 0 | |a New aspects of language in Husserl's thought / F. Mattens -- Das Rätsel des Ausdrucks : Husserls Zeichen- und Ausdruckslehre in den Manuskripten für die Neufassung der VI. Logischen Untersuchung / U. Melle -- An unpleasant but felicitous ambiguity : Sinn and Bedeutung in Husserl's revisions of the Logical investigations / P. Vandevelde -- Husserl's critique of double judgments / C. Ierna -- Noematic Sinn : general meaning-function or propositional content? / C. Beyer -- Husserls typisierende Apperzeption und die Phänomenologie dynamischer Intentionalität / J.D. Balle -- Deiktische Ideationen : Über die mit den Wörter "dies" und "so" vollziehbaren okkasionellen Bezugnahmen auf ideale Gegenständlichkeiten / R. Sowa -- Die Syntax der Erfahrung : zu den sachhaltigen Voraussetzungen des Logischen und des Sprachlichen / V. De Palma -- On the origin of the "language" of formal mathematics : an intentional-historical investigation of the discovery of the formal / B. Hopkins -- Denken ohne Sprache? : zur Phänomenologie alternativer Repräsentations-Systeme kognitiver Inhalte beim Menschen und anderen Primaten / D. Lohmar -- I don't have the words : considering language (and the lack thereof) through the phenomenological paradigms of temporality and corporeality / L.M. Rodemeyer -- Linguistic phenomenology? / J. Benoit -- La phénoménalisation et son expression : vers l'origine phénoménologique du langage / D. Popa -- The necessity of communicating phenomenological insights-- and its difficulties / D.R. Koukal -- Introducing terms : philosophical vocabulary, neologisms and the temporal aspect of meaning / F. Mattens. | |
| 533 | |a Electronic reproduction. |b New York : |c Springer, |d 2008. |n Mode of access: World Wide Web. |n System requirements: Web browser. |n Title from title screen (viewed on Nov. 10, 2008). |n Access may be restricted to users at subscribing institutions. | ||
| 600 | 1 | 0 | |a Husserl, Edmund, |d 1859-1938. |0 http://id.loc.gov/authorities/names/n79106092 |
| 650 | 0 | |a Language and languages |x Philosophy. |0 http://id.loc.gov/authorities/subjects/sh85074574 | |
| 650 | 0 | |a Meaning (Psychology) |0 http://id.loc.gov/authorities/subjects/sh85082693 | |
| 650 | 0 | |a Phenomenology. |0 http://id.loc.gov/authorities/subjects/sh85100683 | |
| 655 | 7 | |a Electronic books. |2 local | |
| 700 | 1 | |a Mattens, Filip. |0 http://id.loc.gov/authorities/names/nb2008015941 | |
| 710 | 2 | |a SpringerLink (Online service) |0 http://id.loc.gov/authorities/names/no2005046756 | |
| 776 | 1 | |c Original |z 9781402083303 |z 1402083300 |z 1402083319 |z 9781402083310 |w (DLC) 2008922893 |w (OCoLC)213112262 | |
| 830 | 0 | |a Phaenomenologica ; |v 187. |0 http://id.loc.gov/authorities/names/n42018925 | |
| 856 | 4 | 0 | |u http://proxy.library.tamu.edu/login?url=https://dx.doi.org/10.1007/978-1-4020-8331-0 |z Connect to the full text of this electronic book |t 0 |
| 994 | |a C0 |b TEF | ||
| 999 | |a MARS | ||
| 999 | f | f | |s 34eb8388-fe2a-3c5e-9c9d-ff94f5301f18 |i a8ff71f1-0a99-3026-85d9-b4886cebb529 |t 0 |
| 952 | f | f | |a Texas A&M University |b College Station |c Electronic Resources |d Available Online |t 0 |e P107 .M43 2008eb |h Library of Congress classification |
| 998 | f | f | |a P107 .M43 2008eb |t 0 |l Available Online |